000 01865nam a22002417a 4500
001 6896
003 FISKH
005 20250605091705.0
008 250605b cb ||||| |||| 00| 0 eng d
020 _a9789995000707
040 _aFISKH
_bkhr
_cFISKH
_dFISKH
082 _a570
100 _aYihub, Yim
245 _aវិទ្យាសាស្រ្ត ជីវវិទ្យា :
_cអ្នកស្រី យឺម យីហ៊ុប , អ្នកស្រី ស្រី សុមាលី ,អ្នកស្រី ហែម វ៉ាន់នី និង អ្នកស្រី វ៉ាល់ សោរ
_b១១​/
250 _aបោះពុម្ពឆ្នាំ២០២២
260 _aPhnom Penh :
_bគ្រឺះស្ថានបោះពុម្ពនិងចែកផ្សាយ ,
_c2002 .
300 _a252 pages :
_billustrations ;
_c25 cm .
520 _aសៀវភៅ វិទ្យាសាស្រ្ត ជីវវិទ្យា ថ្នាក់ទី ១១ ជាសៀវភៅសិក្សាសំខាន់មួយ សម្រាប់សិស្សមធ្យមសិក្សាទុតិយភូមិ ដែលមានមាតិកាសម្បូរបែបអំពីជីវវិទ្យាផ្នែកគ្រឹះ។ សៀវភៅនេះរៀបរាប់អំពីប្រធានបទនានាដែលពាក់ព័ន្ធនឹងជីវិតនិងបរិស្ថាន។​
520 _aThe Grade 11 Biology Science textbook is an important educational resource for upper secondary school students. It contains comprehensive content about the fundamentals of biology. This textbook presents various topics related to life and the environment.
700 _aPhany, Hak
_eIllustrator
942 _2ddc
_cKHB
_n0
999 _c6896
_d6896